| 000 | 02222nab a22002777i 4500 | ||
|---|---|---|---|
| 003 | KOSZ 005 | ||
| 005 | 20180209110920.0 | ||
| 008 | 160308s2011 kr ||||| ||||1|| ||eng | ||
| 024 |
_a10.1109/MWSCAS.2011.6026463 _2doi |
||
| 035 | _aPBN-R:638690 | ||
| 040 |
_cKOSZ 005/md _aPBN-ID |
||
| 041 | 0 |
_aeng _beng |
|
| 100 |
_aSUSZYŃSKI, Robert. _d1996 - . _bPolitechnika Koszalińska - Wydział Elektroniki i Informatyki, _cKatedra Systemów Cyfrowego Przetwarzania Sygnałów |
||
| 245 | 1 | 0 |
_aA low power low voltage current-mode A/D and d/a converters for DSP system / _cRobert Suszyński, Krzysztof Wawryn. |
| 260 | _c2011. | ||
| 520 | _aA low power low voltage current mode 9-bit pipelined a/d converter and 8-bit self-calibrated d/a converter to interface a DSP system are presented in the paper. The a/d converter is built of 1.5 bit stages with digital error correction logic. The self-calibrated d/a converter is composed of M LSBs fine and N MSBs coarse current mode converters. The a/d and d/a converters were designed in 0.35μm technology, then fabricated to verify proposed concept. Performances of both converters are compared to performances of known converter structures. Low power consumption and small chip area are advantages of the proposed converters. | ||
| 650 | 0 | _aOriginal article. | |
| 650 | 0 | _aOriginal article presents the results of original research or experiment. | |
| 650 | 0 | _aOryginalny artykuł naukowy. | |
| 650 | 0 | _aOryginalny artykuł naukowy przedstawia rezultaty oryginalnych badań naukowych lub eksperymentu. | |
| 653 | _aanalogue-digital conversion current-mode logic digital signal processing chips digital-analogue conversion low-power electronics pipeline processing|en | ||
| 700 |
_aWAWRYN, Krzysztof. _d1996 - . _bPolitechnika Koszalińska - Wydział Elektroniki i Informatyki, _cKatedra Systemów Cyfrowego Przetwarzania Sygnałów |
||
| 773 |
_iW: _tProceedings of the 54th IEEE International Midwest Symposium on Circuits and Systems. - _x1548-3746 _dIEEE, 2011. - |
||
| 711 | 2 |
_aIEEE International Midwest Symposium on Circuits and Systems MWSCAS 2011 _n(54 ; _d2011 ; _cSeoul, Korea Południowa). _pMWSCAS 2011 |
|
| 942 |
_cART _2UKD |
||
| 999 |
_c7851 _d7851 |
||